000 00596nam a2200181Ia 4500
003 GCL
008 140319s9999 xx 000 0 ara d
020 _a2987270977
040 _aGCL /
_cGCL
082 0 4 _a811.09
_bف أ
100 1 _aفاروق شوشة
245 1 0 _aاحبك حتى البكاء /
_cفاروق شوشة
260 _aالقاهرة :
_bالدار المصرية اللبنانية ،
_c2005
300 _a112 ص ؛
_c24 سم
650 0 4 _aالشعر العربى - دواوين وقصائد
650 0 4 _aالشعر العربى - العصر الحديث
942 _2ddc
_cBK
999 _c8017
_d8017